000 00438cam a2200181ua 4500
020 _c1.00
041 _amal
_h
082 _a894.812301
_bABB/KU
100 _aAbbas, Ahammed K .
245 _aKunkumappookkal /
_cAhammed K Abbas.
_hTextual Documents
250 _a2 /
_b.
260 _aThrissur :
_bMangalodhayam pvt ltd ,
_c1956.
300 _a64 ; .
365 _a1.00
504 _a
942 _cBK
999 _c12608
_d12608